| 000 | 00517nam a2200181Ia 4500 | ||
|---|---|---|---|
| 008 | 090124s9999 xx 000 0 und d | ||
| 082 | _b4874 | ||
| 100 | _aशेटगिरी बा. य़. | ||
| 245 | _a सबारिन | ||
| 250 | _a0 | ||
| 260 |
_bकुमुद प्रकाशन _c1954 |
||
| 300 | _a96 | ||
| 600 | _aशेटगिरी बा. य़. | ||
| 630 | _a सबारिन | ||
| 700 | _aशेटगिरी बा. य़. | ||
| 730 | _a सबारिन | ||
| 942 | _cBOOK | ||
| 999 |
_c83914 _d83914 |
||